• 首页
  • 本馆介绍
  • 公告通知
  • 最新文献
  • 馆藏检索
  • 电子资源
  • 读者导购
  • 参考咨询
  • 我的图书馆
  • 登录
  • 详细信息显示
  • 放入我的书架
  • 预约/预借图书
  • 作者相关作品
  • 分类相关作品
  • 丛书相关作品
  • 出版社相关作品

书目信息

  • 表格格式
  • 工作单格式
  • 卡片格式
题名:
孩子的游戏百态
    
 
作者: 黄丽萍 编著
分册:  
出版信息: 上海   华东师范大学出版社  2018.11
页数: 163页
开本: 26cm
丛书名:
单 册:
中图分类: G613.7
科图分类:
主题词: 游戏课--学前教育--教学参考资料
电子资源:
ISBN: 978-7-5675-7186-0
000 00949nam0 2200241 450
001 0103152653
005 20201103152731.0
010    @a978-7-5675-7186-0@dCNY49.00
100    @a20190226e20192018em y0chiy50 ea
101 0  @achi
102    @aCN@b310000
105    @aa z 000yy
106    @ar
200 1  @a孩子的游戏百态@Ahai zi de you xi bai tai@dChildren's one hundred play@e图解幼儿园自主性游戏指导的进与退@f黄丽萍编著@zeng
210    @a上海@c华东师范大学出版社@d2018.11@h2019.09
215    @a163页@d26cm
330    @a本书以大量生动的案例,呈现了虹口区第三中心幼儿园在组织开展角色游戏和表演游戏方面的丰富经验,既反映了教师在支持幼儿自主游戏过程中的引导智慧,也表现了幼儿游戏行为所反映的学习与发展。
510 1  @aChildren's one hundred play@zeng
606 0  @a游戏课@x学前教育@j教学参考资料
690    @aG613.7@v5
701  0 @a黄丽萍@Ahuang li ping@c(幼儿教育)@4编著
801  0 @aCN@bBJSZM@c20201103
905    @b1256866-70@dG613.7@e1075@f5
    
    孩子的游戏百态=Children's one hundred play:图解幼儿园自主性游戏指导的进与退/黄丽萍编著.-上海:华东师范大学出版社,2018.11(2019.09)
    163页;26cm
    
    
    ISBN 978-7-5675-7186-0:CNY49.00
    本书以大量生动的案例,呈现了虹口区第三中心幼儿园在组织开展角色游戏和表演游戏方面的丰富经验,既反映了教师在支持幼儿自主游戏过程中的引导智慧,也表现了幼儿游戏行为所反映的学习与发展。
●
相关链接 在E读中查询图书 在五车中查询图书 在当当中查询图书 在豆瓣中查询图书


正题名:孩子的游戏百态     索取号:G613.7/1075         预约/预借

序号 登录号 条形码 馆藏地/架位号 状态 备注
1 1256866   212568666   第一样本阅览室/ [索取号:G613.7/1075] 在馆    
2 1256867   212568675   教育系资料室/ [索取号:G613.7/1075] 在馆    
3 1256868   212568684   教育系资料室/ [索取号:G613.7/1075] 在馆    
4 1256869   212568693   第四借阅区/ [索取号:G613.7/1075] 在馆    
5 1256870   212568700   第四借阅区/ [索取号:G613.7/1075] 在馆    
唐山师范学院图书馆 欢迎您!
大连网信软件有限公司© 版权所有